000 00434nam a22001697a 4500
003 CEME
005 20210628205226.0
008 210216b xxu||||| |||| 00| 0 eng d
020 _a81-224-0869-9
040 _c.
082 _a669.142 SHA'P
100 _aSharma, Romesh C
_963748
245 _aPrinciples of heat treatment of steels
260 _aNEWDELHI
_bNEW AGE INTERNATIONAL
_c1996
300 _aVIII, 332P
942 _cBK
_2ddc
999 _c579994
_d579994